Disney Threesomes Quiz Stats

 Plays Quiz Updated Dec 11, 2018

Score 0/54 Timer 07:00
0 Plays Today
% Correct
The Mad Hatter
78%
Cruella de Vil
75.4%
Wendy
75.2%
Huey
74.1%
Louie
72.7%
Flounder
72.3%
Abu
71%
Sebastian
70.4%
Baloo
69.6%
Mowgli
69.1%
Dewey
69%
Genie
68.4%
Magic carpet
59.2%
John
53.3%
Wart
50%
Bruce
49.6%
Lightning McQueen
49.5%
Michael
47.6%
Mike Wazowski
45.2%
Merlin
44.7%
Scuttle
43.3%
Sulley
42.5%
Ed
41.5%
Flora
39.6%
Merryweather
39.1%
Fauna
38.6%
Bagheera
37.5%
% Correct
The March Hare
34%
The Dormouse
31%
Thumper
30.8%
Bambi
29.8%
The Abominable Snowman
28.9%
Flower
28.4%
Donald Duck
28.2%
Lady Tremaine
27.3%
Shenzi
26.3%
Anastasia
23.5%
Jasper
23.1%
Strip 'The King' Weathers
22.1%
Br'er Rabbit
22%
Horace
21.5%
Br'er Bear
19.5%
Br'er Fox
18.9%
Archimedes
18.8%
Drizella
15.3%
Banzai
15.1%
Chick Hicks
14.5%
Hugo
13.2%
Victor
12.6%
Chum
9.6%
José Carioca
9.5%
Laverne
7.9%
Anchor
7%
Panchito
5.5%

You're not logged in!

Compare scores with friends on all Sporcle quizzes.
OR
Log In

Show Comments

Extras

Top Quizzes Today


Score Distribution

Your Account Isn't Verified!

In order to create a playlist on Sporcle, you need to verify the email address you used during registration. Go to your Sporcle Settings to finish the process.

Report this User

Report this user for behavior that violates our Community Guidelines.

Details: